JOINT MOBILIZATION/ MANIPULATION: EXTREMITY AND SPINAL TECHNIQUS (Record no. 8378)

MARC details
000 -LEADER
fixed length control field 00458nam a22001817a 4500
005 - DATE AND TIME OF LATEST TRANSACTION
control field 20250415130045.0
008 - FIXED-LENGTH DATA ELEMENTS--GENERAL INFORMATION
fixed length control field 230817b |||||||| |||| 00| 0 eng d
020 ## - INTERNATIONAL STANDARD BOOK NUMBER
ISBN 978-0-323-29469-0
041 ## - LANGUAGE CODE
Language code of text/sound track or separate title eng
082 ## - DEWEY DECIMAL CLASSIFICATION NUMBER
Classification number 615.8 EDM-J
100 ## - MAIN ENTRY--AUTHOR NAME
Personal name EDMOND, SUSAN L
245 ## - TITLE STATEMENT
Title JOINT MOBILIZATION/ MANIPULATION: EXTREMITY AND SPINAL TECHNIQUS
250 ## - EDITION STATEMENT
Edition statement 3RD ED.
260 ## - PUBLICATION, DISTRIBUTION, ETC. (IMPRINT)
Place of publication MISSOURI
Name of publisher ELSEVIERS
Year of publication 2017
300 ## - PHYSICAL DESCRIPTION
Number of Pages 341;p
650 ## - SUBJECT ADDED ENTRY--TOPICAL TERM
Topical Term BPT
942 ## - ADDED ENTRY ELEMENTS (KOHA)
Koha item type Books
Holdings
Lost status Damaged status Collection code Home library Current library Shelving location Date acquired Source of acquisition Cost, normal purchase price Full call number Accession Number Koha item type
    PHYSIOTHERAPY JRU Library JRU Library SHELF-8-B RB 05/08/2023 PURCHASE 3447.12 615.8 27859 Books
    PHYSIOTHERAPY JRU Library JRU Library SHELF-8-B RB 14/04/2025 PURCHASE 8610.00 615.8 EDM-J 28742 Books